• 首页
  • 本馆介绍
  • 公告通知
  • 最新文献
  • 馆藏检索
  • 电子资源
  • 读者导购
  • 参考咨询
  • 我的图书馆
  • 登录
  • 详细信息显示
  • 放入我的书架
  • 预约/预借图书
  • 作者相关作品
  • 分类相关作品
  • 丛书相关作品
  • 出版社相关作品

书目信息

  • 表格格式
  • 工作单格式
  • 卡片格式
题名:
强对流天气预报的基本原理与技术方法
    
 
作者: 孙继松 著
分册:  
出版信息: 北京   气象出版社  2014
页数: 282页
开本: 27cm
丛书名:
单 册:
中图分类: P425.8-62 , P456-62
科图分类:
主题词: 强对流天气--jiang dui liu tian qi--天气预报--中国--手册
电子资源:
ISBN: 978-7-5029-5917-3
000 01467nam0 2200289 45
001 012001000850
005 20131106190435.0
010    @a978-7-5029-5917-3@dCNY120.00
092    @aCN@b自科20140901-082
099    @aCAL 012014152436
100    @a20141203d2014 ekmy0chiy50 ea
101 0  @achi
102    @aCN@b110000
105    @aak a 000yy
106    @ar
200 1  @a强对流天气预报的基本原理与技术方法@Ajiang dui liu tian qi yu bao de ji ben yuan li yu ji shu fang fa@e中国强对流天气预报手册@f孙继松 ... [等] 著
210    @a北京@c气象出版社@d2014
215    @a282页@c图 (部分彩图)@d27cm
320    @a有书目
330    @a本书从形成强对流的基本条件入手, 较为详细地介绍了与强对流天气有关的基础理论和基本概念, 包括热力不稳定理论、动力不稳定理论及其分析应用方法, 揭示了不同强对流天气现象对应的典型探空特征、风暴尺度上热力、动力学结构上的差异等, 既有物理概念模型, 也有大量的天气实例分析。本书还从业务应用角度, 系统性地介绍了中国强对流天气的主要气候特征、强对流天气的形成机理、不同尺度天气系统在强对流天气演变过程中的作用、中短期预报和短时临近预报的基本原理和分析方法, 提炼了中国不同区域强对流天气系统的配置结构和预报着眼点。
517 1  @a中国强对流天气预报手册@Azhong guo jiang dui liu tian qi yu bao shou ce
606 0  @a强对流天气@Ajiang dui liu tian qi@x天气预报@y中国@j手册
690    @aP425.8-62@v5
690    @aP456-62@v5
701  0 @a孙继松@Asun ji song@4著
801  0 @aCN@b北京卓展文化@c20191020
905    @b1196956-8@dP425.8-62@e145@f3
    
    强对流天气预报的基本原理与技术方法:中国强对流天气预报手册/孙继松 ... [等] 著.-北京:气象出版社,2014
    282页:图 (部分彩图);27cm
    
    
    ISBN 978-7-5029-5917-3:CNY120.00
    本书从形成强对流的基本条件入手, 较为详细地介绍了与强对流天气有关的基础理论和基本概念, 包括热力不稳定理论、动力不稳定理论及其分析应用方法, 揭示了不同强对流天气现象对应的典型探空特征、风暴尺度上热力、动力学结构上的差异等, 既有物理概念模型, 也有大量的天气实例分析。本书还从业务应用角度, 系统性地介绍了中国强对流天气的主要气候特征、强对流天气的形成机理、不同尺度天气系统在强对流天气演变过程中的作用、中短期预报和短时临近预报的基本原理和分析方法, 提炼了中国不同区域强对流天气系统的配置结构和预报着眼点。
●
相关链接 在E读中查询图书 在五车中查询图书 在当当中查询图书 在豆瓣中查询图书


正题名:强对流天气预报的基本原理与技术方法     索取号:P425.8-62/145         预约/预借

序号 登录号 条形码 馆藏地/架位号 状态 备注
1 1196956   211969565   第二样本阅览室/ [索取号:P425.8-62/145] 在馆    
2 1196957   211969574   第三借阅区/ [索取号:P425.8-62/145] 在馆    
3 1196958   211969583   第三借阅区/ [索取号:P425.8-62/145] 在馆    
唐山师范学院图书馆 欢迎您!
大连网信软件有限公司© 版权所有